000 00422nam a2200145Ia 4500
008 210210b1992 xxu||||| |||| 00| 0 eng d
082 _a510.2465 NAGB
100 _aNAG (N K).
245 _aBusiness mathematics and statistics. P1.
260 _aND
_bKalyani Publishers
_c1992
300 _avii,730,240
650 _aI C W A maths Algebra, geometry Calculus Mensurati
690 _aBusiness Mathemati
906 _a0540
999 _c101986
_d101986